LEADER 01051nam a2200241 i 4500 001 000000173318 003 CaOOAMICUS 005 20080714000000.0 008 080714s1945 it u000 u ita u 013 $a150770 040 $aSeMil$bita 245 10$aTutte le pagine di critica d'arte /$ca cura di Enrico Somaré. 300 $aXV, 447 p., [1] p. di ritratto. 490 0 $aMaestri e precursori ;$v1 500 $aContiene : Argomenti di un libro sul Belgio ; Appendice. 700 1 $aSomaré, Enrico <1889-1953>.$0(OLS)http://semarc/name/7152 700 1 $aBaudelaire, Charles <1821-1867>.$0(OLS)http://semarc/name/8854 773 0 $tTutte le opere di Charles Baudelaire.$dMilano : Edizioni dell'Esame, 1945.$g1$w()19807 773 0 $tRiflessioni sui miei contemporanei.$g1$w()19808 830 0$aMaestri e precursori ;$v1.$0(OLS)http://semarc/title/24906 850 $aSeMil 852 $aSeMil$W1$xVenegono$y1$m1W IV 54$j124163$B124163$CSeMilBibl$Z2$F135291 $81 996 $6245$aTutte le pagine di critica d'arte$9(OLS)http://semarc/title/248231 LEADER 01517nam a2200277 i 4500 001 000000244409 003 CaOOAMICUS 005 20230426122853.0 008 150805s1762 it u000 u ita u 026 $as-O- o.i- a,re (ade (3) 1762 (R) 040 $aSeMil$bita 100 1 $aAmbivere, Ferrante : d'.$0(OLS)http://semarc/name/82428 245 10$aOrazione panegirica del conte Ferrante d'Ambivere canonico, coadiutore, e teologo della cattedrale di Bergamo per la beatificazione di Gregorio Barbarigo vescovo, e cardinale della S.R. chiesa solennizzata nella cattedrale medesima. 260 $aBergamo :$bPer Francesco Locatelli,$c1762. 300 $aXXXVI p. ;$c4°. 500 $aFregio xilogr. sul front. 500 $aIniz. xilogr. 500 $aSegn.: A-C4 D6 600 14$aBarbarigo, Gregorio .$0(OLS)http://semarc/subject/10250 650 4$aPanegirici sacri.$0(OLS)http://semarc/subject/5165 700 1 $aLocatelli, Francesco,$c.$0(OLS)http://semarc/name/8607 850 $aSeMil 852 $aSeMil$W1$xVenegono$y1$m3F III 382 FA$j194755$B194755$CSeMilBibl$Z2$F205272 $8I 996 $6245$aOrazione panegirica del conte Ferrante d'Ambivere canonico, coadiutore, e teologo della cattedrale di Bergamo per la beatificazione di Gregorio Barbarigo vescovo, e cardinale della S.R. chiesa solennizzata nella cattedrale medesima$9(OLS)http://semarc/title/346365 996 $6260$aBergamo :$bPer Francesco Locatelli$9(OLS)http://semarc/publisher/43465